| 000 | 00566nam a2200205 a 4500 | ||
|---|---|---|---|
| 005 | 20140310183146.0 | ||
| 008 | 020723s19uu xx 00 eng d | ||
| 020 | _a9814058890 | ||
| 050 |
_aHF 5549 _b.D472m 2001 |
||
| 100 | _aDessler, Gary | ||
| 245 |
_aHuman Resource Management / _cGary Dessler. |
||
| 250 | _a8th ed | ||
| 260 |
_aUpper Saddle River, New Jersey: _bPrentice-Hall, _c2001. |
||
| 300 |
_a699 p. : _bill. ; _c24cm. |
||
| 500 | _aIncludes Index | ||
| 521 | _aBSBA | ||
| 650 | _aPersonnel Management | ||
| 942 |
_cBK _2lcc _kFOR |
||
| 999 |
_c19532 _d19532 |
||